Path of the king (Record no. 136379)
[ view plain ]
| 000 -LEADER | |
|---|---|
| fixed length control field | 01625nam a2200241Ia 4500 |
| 003 - CONTROL NUMBER IDENTIFIER | |
| control field | OSt |
| 005 - DATE AND TIME OF LATEST TRANSACTION | |
| control field | 20260220094403.0 |
| 008 - FIXED-LENGTH DATA ELEMENTS--GENERAL INFORMATION | |
| fixed length control field | 210210b1950 xxu||||| |||| 00| 0 eng d |
| 040 ## - CATALOGING SOURCE | |
| Transcribing agency | AL |
| 041 ## - LANGUAGE CODE | |
| Language code of text/sound track or separate title | eng |
| 082 ## - DEWEY DECIMAL CLASSIFICATION NUMBER | |
| Classification number | 829/104 |
| 100 ## - MAIN ENTRY--PERSONAL NAME | |
| Personal name | John Buchan |
| 9 (RLIN) | 142104 |
| 245 ## - TITLE STATEMENT | |
| Title | Path of the king |
| 260 ## - PUBLICATION, DISTRIBUTION, ETC. | |
| Place of publication, distribution, etc. | London |
| Name of publisher, distributor, etc. | Thomas Nelson and Sons Ltd |
| Date of publication, distribution, etc. | 1950 |
| 520 ## - SUMMARY, ETC. | |
| Summary, etc. | What if the greatness of legendary leaders was not a random occurrence, but a brilliant spark passed down through a thousand years of history? The Path of the King by John Buchan is an enduring tale that traces a single, persistent lineage across centuries and continents.<br/>The epic begins with a Norse prince in the 10th century, stripped of his kingdom, leaving only a golden artifact as a relic of his royalty. Through a series of compelling, loosely-coupled short stories, we follow the descendants of this forgotten king—men and women across Europe and America—each life a link in a grand chain. From crusading knights and medieval merchants to humble pioneers, each character displays an innate, undeniable flash of courage or moral insight that defines true nobility.<br/>First published in 1921, this ambitious work offers a profound reflection on heritage, destiny, and the spiritual power of character. It argues that true "kingship" is a quality of the soul, not merely an accident of birth or title, a message that resonated deeply in the post-war era. |
| 650 ## - SUBJECT ADDED ENTRY--TOPICAL TERM | |
| Topical term or geographic name entry element | the |
| 9 (RLIN) | 142105 |
| 650 ## - SUBJECT ADDED ENTRY--TOPICAL TERM | |
| Topical term or geographic name entry element | Path |
| 9 (RLIN) | 142106 |
| 650 ## - SUBJECT ADDED ENTRY--TOPICAL TERM | |
| Topical term or geographic name entry element | of |
| 9 (RLIN) | 142107 |
| 650 ## - SUBJECT ADDED ENTRY--TOPICAL TERM | |
| Topical term or geographic name entry element | king |
| 9 (RLIN) | 142108 |
| 690 ## - LOCAL SUBJECT ADDED ENTRY--TOPICAL TERM (OCLC, RLIN) | |
| Topical term or geographic name as entry element | English Fiction |
| 9 (RLIN) | 142109 |
| 906 ## - LOCAL DATA ELEMENT F, LDF (RLIN) | |
| a | 016714 |
| 942 ## - ADDED ENTRY ELEMENTS (KOHA) | |
| Source of classification or shelving scheme | Dewey Decimal Classification |
| Koha item type | Book |
| Withdrawn status | Lost status | Source of classification or shelving scheme | Damaged status | Not for loan | Collection code | Home library | Current library | Date acquired | Cost, normal purchase price | Total Checkouts | Full call number | Barcode | Date last seen | Price effective from | Koha item type |
|---|---|---|---|---|---|---|---|---|---|---|---|---|---|---|---|
| Dewey Decimal Classification | English | St Aloysius Library | St Aloysius Library | 02/17/2021 | 0.00 | 829/104 | 016714 | 02/17/2021 | 02/17/2021 | Book | |||||
| Dewey Decimal Classification | English | St Aloysius Library | St Aloysius Library | 02/17/2021 | 0.00 | 829/105 | 016715 | 02/17/2021 | 02/17/2021 | Book |